000 00210 a2200097 4500
001 10603
100 _aRunciman, S
245 _aHistory of the Crusades, The.
260 _a
_bCambridge
_c
090 _c8207
_d8207
942 _aNUST-CAE
_cM
_c34942
999 _c245676
_d245676